000 00957nam a2200277Ia 4500
001 Para_5588
003 CHAP
008 220125s2001 xx 000 0 und d
010 _a204055
040 _cCHAP
090 _aPA TESIS 1559
100 _aYuit Tamayo, Rudi Gualberto
_9123347
245 _aEfecto del manejo del suelo en el banco de semillas, emergencia y producción de semillas de ximsia amplexicaulis (Cav.) Pers. /
_c por Rudi Gualberto Yuit Tamayo
260 _aChapingo, Méx. :
_b el autor
300 _a19 h.
502 _aTesis (Ing. Agr. Esp. en Parasitología Agrícola) -- UACh. Departamento Parasitología Agrícola
650 7 _aMalas hierbas
_xSemillas
_2
_970037
710 _aUACh. Departamento Parasitología Agrícola
_9164025
901 _aPA TESIS 1559
902 _aA
905 _a0000002001 0000000000 00
910 _a2001
942 _cPARA
942 _cPARA
_d1
999 _c204055
_d204055